[Event "Yerevan Danielyan Memorial"]
[Site "Yerevan"]
[Date "2025.05.14"]
[Round "8"]
[White "Hakobyan, Erik"]
[Black "Baghdasaryan, Davit"]
[Result "1-0"]
[WhiteElo "2419"]
[BlackElo "2213"]
[PlyCount "113"]
[EventDate "2025.05.08"]
[EventType "tourn"]
[EventRounds "9"]
[EventCountry "ARM"]
[EventCategory "3"]
[SourceTitle "CB21_2025"]
[SourceDate "2025.05.21"]
[SourceVersion "1"]
[SourceVersionDate "2025.05.21"]
[SourceQuality "1"]

1. c4 c6 2. d4 d5 3. Nf3 Nf6 4. Nc3 e6 5. e3 Nbd7 6. Qc2 Bd6 7. g4 Nxg4 8. Rg1 Qf6 9. Rxg4 Qxf3 10. Rxg7 Nf6 11. Rg5 Qh1 12. Bd2 Bb4 13. Rg2 e5 14. 0-0-0 Bh3 15. Rg7 Qxh2 16. dxe5 Bxf1 17. Qf5 Bxc4 18. Qxf6 Rf8 19. e6 Qc7 20. Rdg1 Qe7 21. exf7+ Kd7 22. Qf5+ Qe6 23. Qxh7 Be7 24. R1g6 Bd3 25. e4 Bxe4 26. Nxe4 Qxe4 27. Qh3+ Kc7 28. Rg4 Qe6 29. Qg3+ Kd7 30. R4g6 Qf5 31. Bg5 Bc5 32. Bf4 Be7 33. Bd6 Rad8 34. Bxe7 Kxe7 35. Rg8 Qe4 36. Qa3+ Kd7 37. Qd6+ Kc8 38. Qxd8+ Kxd8 39. Rxf8+ Kc7 40. Rc8+ Kb6 41. f8Q Qe1+ 42. Kc2 Qe2+ 43. Kc3 Qe1+ 44. Kd3 Qe4+ 45. Kd2 Qd4+ 46. Ke2 Qe4+ 47. Kf1 Qd3+ 48. Kg2 Qxg6+ 49. Kh3 Qh5+ 50. Kg3 Qg6+ 51. Kh4 Qe4+ 52. f4 Qe1+ 53. Kg5 Qg3+ 54. Kf5 Qd3+ 55. Kf6 Qd4+ 56. Ke7 Qe3+ 57. Kd8 1-0

[Event "Yerevan Danielyan Memorial"]
[Site "Yerevan"]
[Date "2025.05.11"]
[Round "5"]
[White "Hakobyan, Erik"]
[Black "Ambartsumian, Tyhran"]
[Result "0-1"]
[WhiteElo "2419"]
[BlackElo "2179"]
[PlyCount "100"]
[EventDate "2025.05.08"]
[EventType "tourn"]
[EventRounds "9"]
[EventCountry "ARM"]
[EventCategory "3"]
[SourceTitle "CB21_2025"]
[SourceDate "2025.05.21"]
[SourceVersion "1"]
[SourceVersionDate "2025.05.21"]
[SourceQuality "1"]

1. e4 e5 2. Nf3 Nc6 3. Bb5 a6 4. Ba4 Nf6 5. 0-0 Be7 6. d3 b5 7. Bb3 0-0 8. Nc3 d6 9. a3 Nb8 10. h3 Nbd7 11. Nd5 Nxd5 12. Bxd5 Rb8 13. b4 Bb7 14. Bxb7 Rxb7 15. a4 c5 16. axb5 axb5 17. Bd2 Qc7 18. Nh2 c4 19. Ng4 c3 20. Be1 d5 21. exd5 f5 22. Ne3 f4 23. Ng4 Bxb4 24. Qf3 Bd6 25. d4 exd4 26. Qe4 b4 27. f3 b3 28. Bf2 b2 29. Rab1 Rb4 30. Rfd1 Nc5 31. Qe1 h5 32. Bxd4 hxg4 33. Bxc3 Rbb8 34. Bxb2 Rbe8 35. Qh4 gxf3 36. gxf3 Re3 37. Qg4 Na4 38. Bd4 Nc3 39. Bxe3 fxe3 40. Qe6+ Kh8 41. Qg6 e2 42. Re1 Qc5+ 43. Kg2 Qxd5 44. Qg4 Nxb1 45. Rxb1 Kg8 46. Re1 Re8 47. Qg6 Qe6 48. Qxe6+ Rxe6 49. c3 Be7 50. Kg3 Bf6 0-1

[Event "Yerevan Danielyan Memorial"]
[Site "Yerevan"]
[Date "2025.05.10"]
[Round "3"]
[White "Hakobyan, Erik"]
[Black "Okara, Andrey"]
[Result "1/2-1/2"]
[WhiteElo "2419"]
[BlackElo "2345"]
[PlyCount "135"]
[EventDate "2025.05.08"]
[EventType "tourn"]
[EventRounds "9"]
[EventCountry "ARM"]
[EventCategory "3"]
[SourceTitle "CB21_2025"]
[SourceDate "2025.05.21"]
[SourceVersion "1"]
[SourceVersionDate "2025.05.21"]
[SourceQuality "1"]

1. e4 c5 2. Nf3 d6 3. d4 cxd4 4. Nxd4 Nf6 5. Nc3 g6 6. Be3 Bg7 7. Qd2 Ng4 8. Bg5 h6 9. Bh4 Nc6 10. Nb3 Be6 11. h3 Nf6 12. f4 a5 13. a4 Rc8 14. g4 Nd7 15. Bf2 Bxb3 16. cxb3 0-0 17. Bc4 Nb6 18. Bb5 e5 19. Bxc6 bxc6 20. fxe5 Bxe5 21. Qxh6 Nd7 22. Qd2 Qf6 23. Rf1 Qe6 24. Bd4 Nc5 25. Bxe5 Qxe5 26. Rd1 Qg3+ 27. Ke2 d5 28. Rf3 Qe5 29. Qf4 Qe6 30. Re3 d4 31. Rxd4 Qxb3 32. Qe5 Qxb2+ 33. Rd2 Qb6 34. Qf6 Rfe8 35. h4 Re6 36. Qf4 Rd8 37. Rxd8+ Qxd8 38. h5 Qd4 39. hxg6 Rf6 40. gxf7+ Kxf7 41. Qg3 Nb3 42. Rd3 Nc1+ 43. Kd2 Nxd3 44. Qxd3 Rd6 45. Qxd4 Rxd4+ 46. Ke3 Rc4 47. Kd3 Rb4 48. g5 Kg6 49. Ne2 Rxa4 50. Nd4 Rxd4+ 51. Kxd4 a4 52. e5 Kxg5 53. Kc5 a3 54. e6 Kf6 55. Kd6 a2 56. e7 a1Q 57. e8Q Qd4+ 58. Kc7 c5 59. Qf8+ Ke5 60. Qe7+ Kf4 61. Qh4+ Ke3 62. Qe1+ Kd3 63. Qd1+ Kc3 64. Qc1+ Kb3 65. Qb1+ Qb2 66. Qd3+ Qc3 67. Qb5+ Ka3 68. Kc6 1/2-1/2

[Event "Yerevan Margaryan Memorial GM"]
[Site "Yerevan"]
[Date "2025.01.10"]
[Round "3"]
[White "Hakobyan, Erik"]
[Black "Gasparyan, Erik R"]
[Result "1-0"]
[WhiteElo "2414"]
[BlackElo "2394"]
[PlyCount "101"]
[EventDate "2025.01.08"]
[EventType "tourn"]
[EventRounds "9"]
[EventCountry "ARM"]
[EventCategory "7"]
[SourceTitle "CB04_2025"]
[SourceDate "2025.01.22"]
[SourceVersion "1"]
[SourceVersionDate "2025.01.22"]
[SourceQuality "1"]

1. e4 e5 2. Nf3 Nc6 3. Bb5 a6 4. Ba4 Nf6 5. 0-0 Nxe4 6. d4 b5 7. Bb3 d5 8. dxe5 Be6 9. c3 Be7 10. Be3 0-0 11. Nbd2 Bg4 12. h3 Nxd2 13. hxg4 Nxf1 14. Kxf1 Na5 15. Bxd5 c6 16. Be4 Qxd1+ 17. Rxd1 Nc4 18. Bc1 Rad8 19. Re1 c5 20. g5 b4 21. b3 Nb6 22. c4 Na8 23. Nh2 Nc7 24. f4 Ne6 25. Nf3 Nd4 26. f5 Rfe8 27. f6 Bf8 28. Bd5 Nxf3 29. gxf3 Rb8 30. f4 g6 31. Kg2 Rb6 32. Kf3 a5 33. Kg4 Bd6 34. Bb2 Bb8 35. Bc1 Ra6 36. Be3 Ba7 37. Rd1 a4 38. Bb7 axb3 39. axb3 Ra3 40. Rd3 Bb6 41. Kf3 Rd8 42. Bd5 Kf8 43. Ke4 Ra1 44. Rd2 Kg8 45. e6 Ra7 46. e7 Re8 47. Bc6 Raxe7+ 48. fxe7 Rxe7+ 49. Kf3 Rc7 50. Bb5 Kg7 51. Rd6 1-0

[Event "Yerevan op-A 6th"]
[Site "Yerevan"]
[Date "2024.12.08"]
[Round "5"]
[White "Hakobyan, Erik"]
[Black "Ponkratov, Pavel"]
[Result "1-0"]
[WhiteElo "2409"]
[BlackElo "2562"]
[PlyCount "79"]
[EventDate "2024.12.05"]
[EventType "swiss"]
[EventRounds "9"]
[EventCountry "ARM"]
[SourceTitle "CB51_2024"]
[SourceDate "2024.12.18"]
[SourceVersion "1"]
[SourceVersionDate "2024.12.18"]
[SourceQuality "1"]

1. e4 e6 2. d4 d5 3. Nc3 Bb4 4. e5 c5 5. a3 Bxc3+ 6. bxc3 Qa5 7. Bd2 Qa4 8. h4 Nc6 9. Nf3 Nge7 10. h5 h6 11. Qb1 c4 12. g4 Bd7 13. Be2 0-0-0 14. Nh4 g5 15. hxg6 fxg6 16. Ng2 Qa5 17. a4 Rdf8 18. Qb5 Qd8 19. Rb1 Qc7 20. Qc5 g5 21. f4 b6 22. Qa3 Ng6 23. 0-0 gxf4 24. Nxf4 Nxf4 25. Bxf4 Qd8 26. Be3 h5 27. g5 Rfg8 28. Rf6 Be8 29. Bf1 Qd7 30. Bh3 Nd8 31. a5 b5 32. Kh2 Kb7 33. a6+ Ka8 34. Qc5 Rg7 35. Rbf1 Kb8 36. Rf8 Rxf8 37. Rxf8 Rf7 38. g6 Rg7 39. Bg5 Rxg6 40. Bxd8 1-0

[Event "ARM-ch 1st League 85th"]
[Site "Yerevan"]
[Date "2024.11.29"]
[Round "6"]
[White "Babujian, Levon"]
[Black "Hakobyan, Erik"]
[Result "1/2-1/2"]
[WhiteElo "2330"]
[BlackElo "2409"]
[PlyCount "93"]
[EventDate "2024.11.24"]
[EventType "tourn"]
[EventRounds "11"]
[EventCountry "ARM"]
[EventCategory "5"]
[SourceTitle "CB51_2024"]
[SourceDate "2024.12.18"]
[SourceVersion "1"]
[SourceVersionDate "2024.12.18"]
[SourceQuality "1"]

1. d4 Nf6 2. c4 g6 3. Nc3 d5 4. cxd5 Nxd5 5. e4 Nxc3 6. bxc3 Bg7 7. Nf3 c5 8. Rb1 0-0 9. Be2 cxd4 10. cxd4 Qa5+ 11. Bd2 Qxa2 12. 0-0 Bg4 13. Be3 Nc6 14. d5 Ne5 15. Rxb7 a5 16. Rxe7 a4 17. Re1 a3 18. Nxe5 Bxe2 19. Rxe2 Qxe2 20. Qxe2 a2 21. Bd4 a1Q+ 22. Bxa1 Rxa1+ 23. Qf1 Rxf1+ 24. Kxf1 Bf6 25. Nc6 Bxe7 26. Nxe7+ Kg7 27. Nc6 Rc8 28. g4 Kf8 29. g5 Ke8 30. Kg2 Ra8 31. Kg3 Ra3+ 32. f3 Ra1 33. Ne5 Ke7 34. Ng4 Kd6 35. Nf6 Rg1+ 36. Kf4 Rh1 37. e5+ Ke7 38. Ng4 Rd1 39. Nf6 Rh1 40. d6+ Kd8 41. Kg3 Rg1+ 42. Kf4 Rh1 43. e6 fxe6 44. Nxh7 Rxh2 45. Nf8 Re2 46. Nxg6 Kd7 47. Kg4 1/2-1/2

[Event "ARM-ch 1st League 85th"]
[Site "Yerevan"]
[Date "2024.11.25"]
[Round "2"]
[White "Gasparyan, Erik R"]
[Black "Hakobyan, Erik"]
[Result "1/2-1/2"]
[WhiteElo "2371"]
[BlackElo "2409"]
[PlyCount "38"]
[EventDate "2024.11.24"]
[EventType "tourn"]
[EventRounds "11"]
[EventCountry "ARM"]
[EventCategory "5"]
[SourceTitle "CB51_2024"]
[SourceDate "2024.12.18"]
[SourceVersion "1"]
[SourceVersionDate "2024.12.18"]
[SourceQuality "1"]

1. e4 e5 2. Nf3 Nc6 3. Bc4 Nf6 4. d3 Bc5 5. c3 d6 6. 0-0 a5 7. Re1 Ba7 8. Nbd2 0-0 9. Nf1 h6 10. h3 Be6 11. Bb5 Ne7 12. d4 c6 13. Bd3 Ng6 14. Ng3 Re8 15. Be3 Qc7 16. Qd2 Rad8 17. Nf5 Bxf5 18. exf5 Nf8 19. dxe5 Bxe3 1/2-1/2

[Event "Abu Dhabi op-A 30th"]
[Site "Abu Dhabi"]
[Date "2024.08.24"]
[Round "9"]
[White "Hakobyan, Erik"]
[Black "Xiao, Tong"]
[Result "1/2-1/2"]
[WhiteElo "2393"]
[BlackElo "2506"]
[PlyCount "47"]
[EventDate "2024.08.15"]
[EventType "swiss"]
[EventRounds "9"]
[EventCountry "UAE"]
[SourceTitle "EXT 2025"]
[Source "ChessBase"]
[SourceDate "2024.10.14"]
[SourceVersion "1"]
[SourceVersionDate "2024.10.14"]
[SourceQuality "1"]

1. e4 c5 2. Nf3 Nc6 3. Bb5 d6 4. 0-0 Bd7 5. Re1 a6 6. Bf1 Bg4 7. c3 e6 8. h3 Bxf3 9. Qxf3 Nf6 10. d3 Be7 11. Nd2 0-0 12. Qd1 b5 13. Nf3 Qb6 14. d4 cxd4 15. cxd4 Rac8 16. a3 Qb7 17. Bd3 Rfd8 18. Qe2 Na5 19. Rb1 Nc4 20. b3 Nb6 21. Nd2 Nbd7 22. a4 Rb8 23. axb5 axb5 24. Bb2 1/2-1/2

[Event "Abu Dhabi op-A 30th"]
[Site "Abu Dhabi"]
[Date "2024.08.23"]
[Round "8"]
[White "Omidi, Arya"]
[Black "Hakobyan, Erik"]
[Result "0-1"]
[WhiteElo "2317"]
[BlackElo "2393"]
[PlyCount "68"]
[EventDate "2024.08.15"]
[EventType "swiss"]
[EventRounds "9"]
[EventCountry "UAE"]
[SourceTitle "EXT 2025"]
[Source "ChessBase"]
[SourceDate "2024.10.14"]
[SourceVersion "1"]
[SourceVersionDate "2024.10.14"]
[SourceQuality "1"]

1. e4 c5 2. Nf3 d6 3. d4 cxd4 4. Nxd4 Nf6 5. Nc3 Nc6 6. Bg5 e6 7. Qd3 Bd7 8. 0-0-0 a6 9. f4 h6 10. Bh4 Be7 11. Nf3 Qa5 12. e5 Nb4 13. Qd4 dxe5 14. Nxe5 Bc5 15. Qc4 Rc8 16. Qb3 Bc6 17. Nxc6 Nxc6 18. Bxf6 gxf6 19. Ne4 Be7 20. Nd6+ Bxd6 21. Rxd6 Qc7 22. Rd2 Qxf4 23. Qxb7 0-0 24. Qb3 Kh8 25. Qg3 Qa4 26. Qe3 Nb4 27. a3 Nxc2 28. Qxh6+ Kg8 29. Kb1 Nxa3+ 30. bxa3 Rb8+ 31. Rb2 Rxb2+ 32. Kxb2 Rb8+ 33. Kc1 Qxa3+ 34. Kd1 Rb1+ 0-1

[Event "Abu Dhabi op-A 30th"]
[Site "Abu Dhabi"]
[Date "2024.08.22"]
[Round "7"]
[White "Hakobyan, Erik"]
[Black "Baradaran Tamadon, Arian"]
[Result "1/2-1/2"]
[WhiteElo "2393"]
[BlackElo "2304"]
[PlyCount "56"]
[EventDate "2024.08.15"]
[EventType "swiss"]
[EventRounds "9"]
[EventCountry "UAE"]
[SourceTitle "EXT 2025"]
[Source "ChessBase"]
[SourceDate "2024.10.14"]
[SourceVersion "1"]
[SourceVersionDate "2024.10.14"]
[SourceQuality "1"]

1. e4 c5 2. Nf3 a6 3. c3 d5 4. exd5 Qxd5 5. d4 e6 6. Be3 cxd4 7. cxd4 Nf6 8. Nc3 Qd8 9. Bd3 Be7 10. 0-0 b5 11. Ne4 Bb7 12. Nc5 Bd5 13. a4 b4 14. Bf4 0-0 15. Ne5 Nc6 16. Be2 Nxe5 17. Bxe5 Nd7 18. Nxd7 Qxd7 19. a5 Bg5 20. Bd3 Rfc8 21. Qh5 Bh6 22. Rfe1 Qd8 23. h4 f5 24. Kh2 Bc6 25. Bc4 Bd5 26. Bd3 Bc6 27. Bc4 Bd5 28. Bd3 Bc6 1/2-1/2

[Event "Abu Dhabi op-A 30th"]
[Site "Abu Dhabi"]
[Date "2024.08.20"]
[Round "5"]
[White "Hakobyan, Erik"]
[Black "Yan, Tianqi"]
[Result "1/2-1/2"]
[WhiteElo "2393"]
[BlackElo "2288"]
[PlyCount "104"]
[EventDate "2024.08.15"]
[EventType "swiss"]
[EventRounds "9"]
[EventCountry "UAE"]
[SourceTitle "EXT 2025"]
[Source "ChessBase"]
[SourceDate "2024.10.14"]
[SourceVersion "1"]
[SourceVersionDate "2024.10.14"]
[SourceQuality "1"]

1. e4 e5 2. Nf3 Nc6 3. Bb5 Nf6 4. d3 Bc5 5. 0-0 Nd4 6. Nxd4 Bxd4 7. Nd2 c6 8. Ba4 d6 9. c3 Bb6 10. Bc2 Bc7 11. d4 0-0 12. dxe5 dxe5 13. Qe2 h6 14. h3 Qe7 15. a4 a5 16. Nc4 Be6 17. Ne3 Rfd8 18. Qf3 Rd7 19. g4 Nh7 20. Nf5 Bxf5 21. gxf5 Qh4 22. Kg2 Bb6 23. Re1 Nf6 24. Qg3 Qxg3+ 25. fxg3 Rad8 26. Kf3 Kf8 27. g4 Ne8 28. h4 Nc7 29. g5 h5 30. Ke2 Na6 31. Rf1 Rd6 32. b3 Bc5 33. Rb1 b5 34. Rf3 b4 35. Bd3 Nb8 36. Bb2 Nd7 37. Rd1 bxc3 38. Bxc3 Rb8 39. Bc4 Rxd1 40. Kxd1 Bb4 41. Rd3 Ke7 42. f6+ gxf6 43. gxf6+ Nxf6 44. Bxe5 Rf8 45. Bxf6+ Kxf6 46. Rd7 Ke5 47. Bxf7 Kxe4 48. Bxh5 Rg8 49. Bf7 Rg4 50. h5 Ke3 51. Bg6 Rg1+ 52. Kc2 Rg2+ 1/2-1/2

[Event "Dubai op-A 24th"]
[Site "Dubai"]
[Date "2024.05.27"]
[Round "3"]
[White "Erdogmus, Yagiz Kaan"]
[Black "Hakobyan, Erik"]
[Result "1-0"]
[WhiteElo "2553"]
[BlackElo "2335"]
[PlyCount "63"]
[EventDate "2024.05.25"]
[EventType "swiss"]
[EventRounds "9"]
[EventCountry "UAE"]
[SourceTitle "CBM 220 Extra"]
[Source "ChessBase"]
[SourceDate "2024.07.31"]
[SourceVersion "1"]
[SourceVersionDate "2024.07.31"]
[SourceQuality "1"]

1. d4 Nf6 2. Nc3 d5 3. Bf4 c5 4. e4 Nxe4 5. Nxe4 dxe4 6. dxc5 Qa5+ 7. c3 Qxc5 8. Qa4+ Nc6 9. Qxe4 g6 10. Be3 Qa5 11. Bc4 Bg7 12. Nf3 Bf5 13. Qd5 0-0 14. 0-0 Qc7 15. Rfd1 Rac8 16. Bb3 b6 17. h3 Qb8 18. g4 Be6 19. Qe4 Bxb3 20. axb3 Qc7 21. b4 a5 22. Rac1 a4 23. Rd5 Ra8 24. Rcd1 a3 25. bxa3 Rxa3 26. Rd7 Qc8 27. b5 Na5 28. Qxe7 Qxc3 29. Rd8 Ra1 30. Rxa1 Qxa1+ 31. Kg2 Nb3 32. Ne5 1-0